00497nam a2200157 i 4500001000300000100002900003245006900032260002100101700001800122700002100140040000800161041000800169080002300177008004100200856009800241bg1 aALBRECHT, Bobd(1930- ). 0aBasic for home computers /cB. Albrecht, L. Finkel, J. R. Brown. aNew York,c1978.1 aFINKEL, LeRoy1 aBROWN, Jerald R. cBPK apol a681.322.06:519.682 s pl f |000 0 pol  uhttp://koha.tu.koszalin.pl/cgi-bin/koha/opac-detail.pl?biblionumber=23298yKatalog online BPK